Kitāb nasab al-khayl fī al-Jāhilīyah wa-al-Islām wa-akhbārihā /
المؤلف الرئيسي:
مؤلفون آخرون: ,
التنسيق: كتاب
اللغة: Arabic
منشور في:
Laydan :
Maṭbaʻat Brīl,
1928.
سلاسل:
Publication of the De Goeje Fund ;
8.
الموضوعات:
الوسوم: إضافة وسم
رقم الطلب: PJ7741 .I3 N24 1928
| LEADER | 02461nam a2200313Ia 4500 | ||
|---|---|---|---|
| 003 | OSt | ||
| 005 | 20231107140707.0 | ||
| 008 | 130303s1928 ne a b 000 0 ara d | ||
| 952 | |0 0 |1 0 |2 lcc |4 0 |6 PJ7741 I3 N24 01928 |7 1 |9 54757 |a ARCE |b ARCE |d 2023-11-07 |l 0 |o PJ7741 .I3 N24 1928 |p 1030990 |r 2023-11-07 00:00:00 |w 2023-11-07 |y BK | ||
| 999 | |c 27516 |d 27516 | ||
| 040 | |c ARCE Library | ||
| 050 | 4 | |a PJ7741 .I3 N24 1928 | |
| 100 | 0 | |6 880-01 |a Ibn al-Kalbī, |d -819?, |e author | |
| 245 | 1 | 0 | |6 880-02 |a Kitāb nasab al-khayl fī al-Jāhilīyah wa-al-Islām wa-akhbārihā / |c taʼlīf Abī al-Mundhir Hishām ibn Muḥammad ibn al-Sāʼib al-Kalbī. wa-yalīhi kitāb Asmāʼ khayl al-ʻArab wa-fursānihā /taʼlīf Abī ʻAbd Allāh Muḥammad ibn Ziyād al-Aʻrābī ; riwāyat Abī Manṣūr Mawhūb ibn Aḥmad al-Jawālīqī ; ʻuniya bi-nashrihimā wa-taʻlīq ḥawāshīhimā wa-tartīb fahārisihā Jirjis Lūy Dallā Waydā. |
| 264 | 1 | |a Laydan : |b Maṭbaʻat Brīl, |c 1928. | |
| 300 | |a liv, 141 pages : |b ill. ; |c 25 cm. | ||
| 490 | |a Publication of the De Goeje Fund ; |v 8. | ||
| 500 | |a Title on added title page : Les "Livres des chevaux. | ||
| 504 | |a Includes bibliographical references. | ||
| 650 | 0 | |a Arabian horse |v Early works to 1800. | |
| 650 | 0 | |a Horses |v Poetry. | |
| 700 | 1 | |a Levi Della Vida, Giorgio, |d 1886-1967. | |
| 700 | 1 | 2 | |a Ibn al Aʻrābī, Muḥammad ibn Ziyād, |d 767-846. |t Asmāʼ khayl al-ʻArab wa-fursānihā. |
| 740 | 0 | |a nasab al-khayl fī al-Jāhilīyah wa-al-Islām wa-akhbārihā . | |
| 740 | 0 | 2 | |a Asmāʼ khayl al-ʻArab wa-fursānihā. |
| 880 | 0 | |6 100-01/(3/r |a ابن كلبي، |d -819? | |
| 880 | 1 | 0 | |6 245-02/(3/r |a كتاب نسب الخيل في الجاهلية و الإسلام و أخبارها |c تأليف أبى المنذر هشام بن محمد بن السائب الكلبى. و يليه كتاب اسماء خيل العرب و فرسانه / تأليف أبي عبد الله محمد بن زياد الاعرابي ؛ عني بنشرهما جرجس لوي دلا ويدا. |
| 901 | |a reviewed | ||
| 942 | |c BK |2 lcc | ||
